[Event "ESP-chT"]
[Site "?"]
[Date "1990.??.??"]
[Round "?"]
[White "Acebal, Antonio"]
[Black "Outerelo, Manuel"]
[Result "1/2-1/2"]
[WhiteElo "2285"]
[BlackElo "2280"]

1.Nf3 f5 2.d4 g6 3.c4 Bg7 4.g3 Nf6 5.Bg2 O-O 6.O-O d6 7.Nc3 Nc6 8.d5 Ne5
9.Qb3 Kh8 10.Bf4 Nh5 11.Bd2 f4 12.Nxe5 dxe5 13.Ne4 h6 14.Rad1 g5 15.Nc5 Qe8
16.Ne6 Bxe6 17.dxe6 Rb8 18.Bb4 Bf6 19.Rd7 Ng7 20.c5 c6 21.Be4 Qh5 22.Bb1 e4
23.Bxe4 fxg3 24.hxg3 Qg4 25.Bf3 Qxe6 26.Qxe6 Nxe6 27.Rfd1 Rfd8 28.e3 Kg7
29.Bg4 Rxd7 30.Rxd7 Nf8 31.Rc7 Kf7 32.b3 Ne6 33.Rd7 Nf8 34.Rc7 Ne6 35.Bh5+ Kg7
36.Rd7 Nf8 37.Rd1 e6 38.Ba5 Be7 39.Bc3+ Bf6 40.Ba5 Be7 41.Bc7 Rc8 42.Be5+ Kg8
43.b4 Rd8 44.Rxd8 Bxd8 45.Be8 a5 46.a3 axb4 47.axb4 Nh7 48.Bd7 Kf7 49.Bc8 Nf6
50.Bxb7 Nd5 51.b5 cxb5 52.Bxd5 exd5 53.c6 b4 54.c7 Bxc7 55.Bxc7 d4 56.Be5 d3
57.Kf1 h5 58.Ke1 Ke6 59.f4 h4 60.gxh4 gxh4 61.Kd2 h3 62.Bb8 Kf5 63.e4+ Kxe4
64.f5 b3 65.Kc3 Ke3 66.f6 d2 67.f7 d1=Q 68.f8=Q Qf3  1/2-1/2

[Event "FRA-chT"]
[Site "FRA"]
[Date "1990.??.??"]
[Round "?"]
[White "Macles, Jacques"]
[Black "Chomet, Pascal"]
[Result "1-0"]
[WhiteElo "2345"]
[BlackElo "2275"]

1.Nf3 g6 2.g3 Bg7 3.d4 f5 4.Bg2 Nf6 5.O-O O-O 6.c4 d6 7.Nc3 Nc6 8.b3 e6 9.Bb2 Qe7
10.Rc1 Nd8 11.Qc2 Nf7 12.e4 c6 13.exf5 exf5 14.Rce1 Qc7 15.Qd2 Bh6 16.Qd1 Bd7
17.d5 c5 18.Re7 a6 19.Rfe1 Rfe8 20.a4 Rxe7 21.Rxe7 Bf8 22.Re1 Re8 23.Rxe8 Nxe8
24.Ne2 b5 25.axb5 axb5 26.Nf4 bxc4 27.bxc4 Qb8 28.Qe2 Nc7 29.h4 Bh6 30.Bc3 Qe8
31.Qb2 Qc8 32.Qb6 Ne8 33.Bf1 Qc7 34.Qb2 Qa7 35.Bd3 Nc7 36.Bf6 Ne8 37.Ng5 Qa4
38.Nfe6 Qd1+ 39.Bf1 Bxg5 40.hxg5 Qh5 41.Be2 Qh3 42.Nf4  1-0

[Event "Arnold Cup"]
[Site "Gausdal"]
[Date "1990.??.??"]
[Round "1"]
[White "Bern, Ivar"]
[Black "Pyhala, Antti"]
[Result "0-1"]
[WhiteElo "2370"]
[BlackElo "2375"]

1.d4 f5 2.g3 Nf6 3.Bg2 g6 4.Nf3 Bg7 5.O-O O-O 6.c4 d6 7.Nc3 Qe8 8.b3 h6 9.Nd5 Nxd5
10.cxd5 Qf7 11.Ne1 c6 12.dxc6 Nxc6 13.Bb2 f4 14.gxf4 Qxf4 15.e3 Qh4 16.f4 Bg4
17.Qd2 g5 18.d5 Bxb2 19.Qxb2 Nb4 20.Qd4 Na6 21.Nd3 Bf5 22.Rf2 Rf7 23.Be4 Bh3
24.b4 Raf8 25.Kh1 Rg7 26.Rg1 g4 27.Rg3 Nb8 28.Rc2 Nd7 29.Nf2 Nf6 30.Nxh3 gxh3
31.Rxg7+ Kxg7 32.Rc1 Rg8 33.Bf5 Kh8 34.Be6 Qf2  0-1

[Event "Arnold Cup"]
[Site "Gausdal"]
[Date "1990.??.??"]
[Round "4"]
[White "Engqvist, Thomas"]
[Black "Ostenstad, Berge"]
[Result "0-1"]
[WhiteElo "2335"]
[BlackElo "2410"]

1.Nf3 f5 2.g3 Nf6 3.Bg2 g6 4.d4 Bg7 5.O-O O-O 6.c4 d6 7.d5 a5 8.Nd4 Na6 9.Nc3 Nc5
10.b3 Bd7 11.Rb1 Qe8 12.a3 c6 13.b4 axb4 14.axb4 Nce4 15.Nxe4 Nxe4 16.dxc6 bxc6
17.Bb2 Rb8 18.Ba1 Qf7 19.Qd3 e5 20.Nf3 Qe7 21.Rfd1 Be6 22.c5 Rfd8 23.Qc2 Bd5
24.Rxd5 cxd5 25.c6 Rdc8 26.b5 Qa7 27.e3 Qc5 28.Qxc5 Nxc5 29.Nxe5 Bxe5 30.Bxd5+ Kf8
31.Bxe5 dxe5 32.b6 Na6 33.b7 Rd8 34.Ra1 Nc7 35.e4 Ke7 36.f3 Rf8 37.Re1 f4
38.g4 Kd6 39.Kf2 Nb5 40.h4 Kc7 41.h5 g5 42.h6 Nd4 43.Rh1 Nxc6 44.Rh5 Rg8
45.Be6 Ne7 46.Rh1 Rg6 47.Bf7 Rc6 48.Rh5 Rxb7 49.Kg2 Rb2+  0-1

[Event "Gausdal Int"]
[Site "Gausdal"]
[Date "1990.??.??"]
[Round "7"]
[White "Engqvist, Thomas"]
[Black "Tisdall, Jonathan D"]
[Result "1/2-1/2"]
[WhiteElo "2365"]
[BlackElo "2425"]

1.d4 f5 2.g3 Nf6 3.Bg2 g6 4.Nf3 Bg7 5.O-O O-O 6.c4 d6 7.Nc3 c6 8.d5 e5 9.dxe6 Bxe6
10.Qd3 Na6 11.Ng5 Qe7 12.Bf4 Rad8 13.Rfd1 Ng4 14.Nd5 Qd7 15.Qa3 h6 16.Nxe6 Qxe6
17.h3 Ne5 18.Bxe5 dxe5 19.Ne7+ Kh7 20.Nxc6 bxc6 21.Qxa6 e4 22.Qxa7 Qxc4 23.e3 Ra8
24.Qc7 Rf7 25.Rd7 Rxd7  1/2-1/2

[Event "BL2-S8990"]
[Site "Germany"]
[Date "1990.??.??"]
[Round "?"]
[White "Ott, Frank"]
[Black "Heidrich, Manfred"]
[Result "0-1"]
[WhiteElo "2250"]
[BlackElo "2310"]

1.Nf3 f5 2.g3 Nf6 3.Bg2 g6 4.O-O Bg7 5.d4 O-O 6.c4 d6 7.Nc3 Qe8 8.d5 c6 9.Re1 e5
10.dxe6 Bxe6 11.Bf4 Ne4 12.Nxe4 fxe4 13.Ng5 d5 14.Qb3 Nd7 15.Qxb7 Nb6 16.Be5 Qd7
17.Qxd7 Bxd7 18.Bxg7 Kxg7 19.cxd5 cxd5 20.Red1 Rac8 21.Rac1 h6 22.Nh3 g5
23.f3 e3 24.Rc3 Rxc3 25.bxc3 Rc8 26.Rd3 d4 27.Rxd4 Rxc3 28.Bf1 Rc1 29.g4 Bc6
30.f4 Nc4 31.fxg5 Nd2 32.Rf4 Bf3 33.gxh6+ Kxh6 34.g5+ Kg7  0-1

[Event "BL2-N8990"]
[Site "Germany"]
[Date "1990.??.??"]
[Round "?"]
[White "Feick, Stefan"]
[Black "Klostermann, Markus"]
[Result "1/2-1/2"]
[WhiteElo "2355"]
[BlackElo "2285"]

1.d4 f5 2.g3 Nf6 3.Bg2 g6 4.Nf3 Bg7 5.O-O O-O 6.c4 d6 7.Nc3 Qe8 8.Nd5 Nxd5
9.cxd5 Qb5 10.Ne1 c6 11.a4 Qb6 12.e3 cxd5 13.Bxd5+ Kh8 14.a5 Qb5 15.Bf3 e5
16.Be2 Qd5 17.b3 exd4 18.Bb2 Nc6 19.Bf3 Qb5 20.Be2 Qd5 21.Bf3 Qb5 22.Be2  1/2-1/2

[Event "BL2-N8990"]
[Site "Germany"]
[Date "1990.??.??"]
[Round "?"]
[White "Hegeler, Frank"]
[Black "Joecks, Christian"]
[Result "1-0"]
[WhiteElo "2240"]
[BlackElo "2295"]

1.d4 f5 2.g3 Nf6 3.Bg2 g6 4.Nf3 Bg7 5.O-O O-O 6.c4 d6 7.d5 c5 8.Nc3 Na6 9.Rb1 Rb8
10.b3 Bd7 11.Bd2 Nc7 12.Qc1 b5 13.Bh6 a6 14.Bxg7 Kxg7 15.Nd2 b4 16.Nd1 e6
17.dxe6 Nxe6 18.Qb2 Qe7 19.Ne3 Qe8 20.Nd5 Bc6 21.Nxf6 Rxf6 22.Bxc6 Qxc6 23.Nf3 Rf8
24.Rbd1 Kg8 25.Qd2 f4 26.Qd5 Qc7 27.Ng5 Qe7 28.Ne4 Rf5 29.Qxd6 Qf7 30.g4 f3
31.gxf5 gxf5 32.exf3 fxe4 33.fxe4 Nf4 34.Kh1 Ne6 35.Rg1+ Kh8 36.Qe5+ Ng7
37.Rxg7 Qxg7 38.Qxg7+ Kxg7 39.Kg2 Kf6 40.Rd5  1-0

[Event "Gistrup"]
[Site "Gistrup"]
[Date "1990.??.??"]
[Round "3"]
[White "Sorensen, Bent"]
[Black "Kristensen, Bjarke"]
[Result "1/2-1/2"]
[WhiteElo "2320"]
[BlackElo "2375"]

1.Nf3 f5 2.g3 Nf6 3.Bg2 g6 4.O-O Bg7 5.d4 O-O 6.c4 d6 7.d5 Na6 8.Nc3 Bd7
9.Nd4 Rc8 10.e3 c6 11.b3 Qe8 12.Bb2 Qf7 13.Qe2 Nc5 14.Rad1 Nce4 15.dxc6 bxc6
16.Nb1 Rb8 17.f3 Nc5 18.Qc2 a5 19.Nc3 a4 20.Ba3 axb3 21.axb3 Ne6 22.f4 Ng4
23.Bc1 Nc5 24.h3 Nf6 25.Ba3 Nfe4 26.Nxe4 Nxe4 27.Kh2 Ra8 28.Bc1 c5 29.Bxe4 fxe4
30.Ne2 Bc6 31.Bb2 Ra2 32.Nc3 Bxc3 33.Qxc3 Qf6 34.Qxf6 Rxf6 35.Rd2 Rf8 36.Rb1 Rfa8
37.Rg2 e6 38.g4 Rb8 39.Bc3 Rxg2+ 40.Kxg2 d5 41.Rb2 Rd8 42.Ba5 Rd7 43.Bb6 Rb7
44.cxd5 Bxd5  1/2-1/2

[Event "HUN-chop"]
[Site "Gyor"]
[Date "1990.??.??"]
[Round "10"]
[White "Arkhipov, Sergey"]
[Black "Videki, Sandor"]
[Result "0-1"]
[WhiteElo "2475"]
[BlackElo "2385"]

1.Nf3 f5 2.c4 Nf6 3.g3 g6 4.Bg2 Bg7 5.O-O O-O 6.d4 d6 7.Nc3 Qe8 8.b3 e5 9.dxe5 dxe5
10.e4 Nc6 11.Nd5 Qd7 12.Ba3 Rd8 13.exf5 e4 14.Ng5 gxf5 15.Ne3 Qe8 16.Qe1 Ne5
17.Rd1 Nd3 18.Qe2 Qg6 19.h4 Bh6 20.Be7 Rd7 21.Bxf6 Qxf6 22.Nd5 Qf8 23.Bxe4 fxe4
24.Nxe4 Rxd5 25.cxd5 Ne5 26.f4 Bg4 27.Qb2 Nd7 28.Rde1 Bg7 29.Qc2 Bh3 30.Rf3 Re8
31.Qc4 Bf5  0-1

[Event "HUN-chop"]
[Site "Gyor"]
[Date "1990.??.??"]
[Round "11"]
[White "Gagarin, Vasilij"]
[Black "Knezevic, Milorad"]
[Result "1/2-1/2"]
[WhiteElo "2385"]
[BlackElo "2445"]

1.d4 f5 2.g3 Nf6 3.Bg2 g6 4.Nf3 Bg7 5.O-O O-O 6.c4 d6 7.Nc3 Nc6 8.d5 Na5
9.Nd2 c5 10.Rb1 e5 11.dxe6 Bxe6 12.Nd5 Rb8 13.b3 b5 14.Nxf6+ Bxf6 15.cxb5 Rxb5
16.Bb2 d5 17.e3 Bxb2 18.Rxb2 Qf6 19.Rc2 Nc6 20.Nb1 Nb4 21.Nc3 Ra5 22.Nxd5 Bxd5
23.Bxd5+ Kh8 24.Rd2 Rxa2 25.Rxa2 Nxa2 26.Bf3 Nb4 27.Qd7 Qg7 28.Rd1 Qxd7 29.Rxd7 a6
30.Be2 Rb8 31.Bc4 Nc6 32.Rc7 Rb6 33.h4 Na5 34.h5 Nxc4 35.bxc4 a5 36.h6 Kg8
37.Ra7 Rb4 38.Rxa5 Rxc4 39.Ra8+ Kf7 40.Ra7+ Kg8 41.Rg7+ Kh8 42.Rc7 Kg8 43.Kg2 Rc1
44.Rc8+ Kf7 45.Rh8 Kf6 46.f4 Rc2+ 47.Kf1 Rc1+ 48.Ke2 Rc2+ 49.Kd3 Rg2 50.Rxh7 Rxg3
51.Rc7 Rh3 52.h7 g5 53.Rc6+ Kg7 54.fxg5 Kxh7 55.Rf6 c4+ 56.Ke2 Rg3 57.Rxf5 Kg6
58.Rc5 Rxg5 59.Rxc4 Kf6  1/2-1/2

[Event "FIN-ch"]
[Site "Helsinki"]
[Date "1990.??.??"]
[Round "3"]
[White "Maki, Veijo"]
[Black "Rantanen, Yrjo A"]
[Result "1-0"]
[WhiteElo "2415"]
[BlackElo "2405"]

1.Nf3 f5 2.g3 g6 3.Bg2 Bg7 4.d4 Nf6 5.c4 O-O 6.O-O d6 7.Nc3 Qe8 8.d5 Na6
9.Rb1 c6 10.b4 Bd7 11.a3 Rc8 12.Bb2 Kh8 13.dxc6 Bxc6 14.Nd5 e5 15.Nxf6 Rxf6
16.c5 Rd8 17.Qb3 h6 18.Qe3 Re6 19.cxd6 b6 20.Rfd1 Be4 21.Rbc1 Rdxd6 22.Rxd6 Rxd6
23.Nxe5 Re6 24.f4 Bxg2 25.Kxg2 Nb8 26.Rc7 Nd7 27.Rxa7 Nf6 28.Nxg6+ Kh7 29.Qxe6  1-0

[Event "FIN-ch"]
[Site "Helsinki"]
[Date "1990.??.??"]
[Round "6"]
[White "Manninen, Marko"]
[Black "Lindstedt, Johan"]
[Result "1-0"]
[WhiteElo "2215"]
[BlackElo "2285"]

1.d4 f5 2.g3 Nf6 3.Bg2 g6 4.Nf3 Bg7 5.O-O O-O 6.c4 d6 7.d5 c6 8.Nd4 Bd7 9.Nc3 Qe8
10.Bg5 Na6 11.Bxf6 Rxf6 12.Qd2 Nc7 13.e4 c5 14.Nb3 b5 15.a4 bxc4 16.Na5 Rb8
17.Nxc4 Rb4 18.e5 dxe5 19.Nxe5 Rfb6 20.Nd3 Rd4 21.Qe3 e5 22.Nxc5 Rxb2 23.Rab1 Rdb4
24.Rxb2 Rxb2 25.d6 Ne6 26.Bd5 Kh8 27.Bxe6 Bxe6 28.Nb5 Bd7 29.Nxd7 Qxd7 30.Rc1 Qb7
31.Qc3  1-0

[Event "FIN-ch"]
[Site "Helsinki"]
[Date "1990.??.??"]
[Round "8"]
[White "Manninen, Marko"]
[Black "Rantanen, Yrjo A"]
[Result "0-1"]
[WhiteElo "2215"]
[BlackElo "2405"]

1.d4 f5 2.g3 g6 3.Bg2 Bg7 4.Nf3 Nf6 5.O-O O-O 6.c4 d6 7.d5 c6 8.Nd4 Qb6 9.Nc3 Bd7
10.Rb1 Ng4 11.e3 c5 12.Nde2 Na6 13.b3 Nc7 14.Qc2 a6 15.Nf4 Rae8 16.h3 Nf6
17.Bb2 g5 18.Nd3 h6 19.Rbe1 Qa7 20.e4 e5 21.exf5 Bxf5 22.Re3 Qb8 23.Qe2 Qc8
24.Kh2 Rf7 25.f4 exf4 26.gxf4 g4 27.Rxe8+ Ncxe8 28.hxg4 Nxg4+ 29.Kg1 Bd4+
30.Kh1 Qd8 31.Rf3 Bxd3 32.Rxd3 Nf2+  0-1

[Event "Balkaniad"]
[Site "Kavala"]
[Date "1990.??.??"]
[Round "1"]
[White "Chilingirova, Pavlina"]
[Black "Kondou, Eva"]
[Result "1-0"]
[WhiteElo "2195"]
[BlackElo "2240"]

1.Nf3 f5 2.d4 Nf6 3.g3 g6 4.Bg2 Bg7 5.O-O O-O 6.c4 d6 7.Nc3 Qe8 8.b3 c5 9.Bb2 Na6
10.dxc5 Ne4 11.Qc2 Naxc5 12.Rad1 Rb8 13.Nd4 Nxc3 14.Bxc3 Bd7 15.Bd5+ e6 16.Bg2 Qe7
17.Nb5 Bxb5 18.cxb5 Rfc8 19.Bxg7 Qxg7 20.Rc1 Qd7 21.Qd2 d5 22.Qe3 b6 23.Rfd1 Nb7
24.Qe5 Nd8 25.h4 Nf7 26.Qf6 Rxc1 27.Rxc1 Rc8 28.Rxc8+ Qxc8 29.Qe7 Qc1+ 30.Bf1 e5
31.Qxa7 Qc5 32.a4 Nd6 33.Qa8+ Kg7 34.Qc6 Qxc6 35.bxc6 Kf6 36.e4 fxe4 37.c7 Ke7
38.Bh3  1-0

[Event "Balkaniad"]
[Site "Kavala"]
[Date "1990.??.??"]
[Round "3"]
[White "Botsari Miladinovic, Anna Maria"]
[Black "Kokanovic, Ksenija"]
[Result "1/2-1/2"]
[WhiteElo "2205"]
[BlackElo "2115"]

1.d4 f5 2.g3 Nf6 3.c4 g6 4.Nf3 Bg7 5.Bg2 O-O 6.O-O d6 7.Nc3 c6 8.d5 e5 9.dxe6 Bxe6
10.Qd3 Na6 11.Bf4 Ne4 12.Nd4 Nac5 13.Nxe6 Nxd3 14.Nxd8 Nxf4 15.Nxb7 Nxc3
16.bxc3 Nxe2+ 17.Kh1 Nxc3 18.Bxc6 Rac8 19.Bd7 Rc7 20.Be6+ Kh8 21.Nxd6 Be5
22.c5 Ne4 23.Rad1 Nxc5 24.Nf7+ Kg7 25.Nxe5 Nxe6 26.Rd6 Re8 27.Rfd1 Nc5 28.Nc6 Re6
29.Rxe6 Nxe6 30.Rd6 Kf7 31.Kg2 Nc5 32.Ne5+ Ke8 33.h4 Ne4 34.Re6+ Kf8 35.Ra6 Nc5
36.Ra5 Kg7 37.Nf3 Ne6 38.h5 f4 39.g4 gxh5 40.Rxh5 Rc5 41.Rxc5 Nxc5 42.Ng5 Kf6
43.Nh3 Ne6 44.Ng1  1/2-1/2

[Event "JUG-sf"]
[Site "Kladovo"]
[Date "1990.??.??"]
[Round "3"]
[White "Orel, Oskar"]
[Black "Kontic, Vladimir"]
[Result "0-1"]
[WhiteElo "2340"]
[BlackElo "2370"]

1.d4 f5 2.Nf3 g6 3.g3 Bg7 4.Bg2 Nf6 5.O-O O-O 6.c4 d6 7.Nc3 Nc6 8.d5 Na5
9.Nd2 c5 10.Qc2 e5 11.dxe6 Bxe6 12.b3 d5 13.cxd5 Nxd5 14.Bxd5 Bxd5 15.Bb2 Bf7
16.Na4 Bxb2 17.Nxb2 Nc6 18.Nf3 b6 19.Qc3 Qe7 20.Rfe1 Rad8 21.Nd3 Rfe8 22.h4 Nd4
23.Nf4 Nb5 24.Qb2 h6 25.a4 Nd6 26.Rad1 Ne4 27.Rxd8 Qxd8 28.Rc1 g5 29.hxg5 hxg5
30.Nd3 Qd5 31.Rb1 Re6 32.Nfe5 Rh6 33.Nxf7 Qxf7 34.e3 Qh5 35.Kg2 Qh3+ 36.Kf3 Qg4+
37.Kg2 Qh3+ 38.Kf3 Qh5+ 39.Kg2  0-1

[Event "Kuala Lumpur zt"]
[Site "Kuala Lumpur"]
[Date "1990.??.??"]
[Round "?"]
[White "Johansen, Darryl K"]
[Black "Lin Ta"]
[Result "1/2-1/2"]
[WhiteElo "2420"]
[BlackElo "2410"]

1.Nf3 f5 2.g3 Nf6 3.Bg2 g6 4.O-O Bg7 5.d4 O-O 6.c4 d6 7.Nc3 Nc6 8.d5 Na5
9.Nd2 c5 10.a3 Bd7 11.Qc2 a6 12.b4 cxb4 13.axb4 Nxc4 14.Nxc4 Rc8 15.Nd2 Qb6
16.Qb3 Ng4 17.Bb2 Ne3 18.Rfc1 Bh6 19.fxe3 Bxe3+ 20.Kh1 Bxd2 21.Rc2 Bh6 22.Bc1 f4
23.gxf4 Bxf4 24.Ne4 Rxc2 25.Qxc2 Qxb4 26.Bxf4 Rxf4 27.Rb1 Qd4 28.Ng3 Rf2
29.Qc7 Rxg2 30.Qd8+ Kf7 31.Rf1+ Rf2 32.Rxf2+ Qxf2 33.Qxd7 Qe3 34.Qxb7 h5
35.Qb4 a5 36.Qc4 Qf2 37.Qe4 Qf6 38.Kg2 h4 39.Nf1 h3+ 40.Kg1 Qg5+ 41.Ng3 Qf6
42.Qc4 Qa1+ 43.Kf2 Qf6+ 44.Kg1 Qa1+  1/2-1/2

[Event "Kusadasi op"]
[Site "Kusadasi"]
[Date "1990.??.??"]
[Round "8"]
[White "Kraidman, Yair"]
[Black "Vasiukov, Evgeni"]
[Result "1/2-1/2"]
[WhiteElo "2415"]
[BlackElo "2545"]

1.d4 f5 2.Nf3 Nf6 3.c4 g6 4.g3 Bg7 5.Bg2 O-O 6.O-O d6 7.Nc3 Qe8 8.d5 Na6
9.Nd4 Bd7 10.e4 Nxe4 11.Nxe4 fxe4 12.Bxe4  1/2-1/2

[Event "Lloyds Bank op"]
[Site "London"]
[Date "1990.??.??"]
[Round "?"]
[White "Maric, Alisa"]
[Black "Shabtai, Ran"]
[Result "1-0"]
[WhiteElo "2365"]
[BlackElo "2345"]

1.d4 f5 2.Nf3 Nf6 3.g3 g6 4.Bg2 Bg7 5.O-O O-O 6.c4 d6 7.Nc3 Qe8 8.b3 c6 9.Ba3 Na6
10.Qd3 Bd7 11.e4 fxe4 12.Nxe4 Bf5 13.Nxf6+ Bxf6 14.Qd2 Nc7 15.Rfe1 Qf7 16.Rad1 Bg4
17.h3 Bxf3 18.Bxf3 Ne6 19.Bb2 Bg5 20.Qe2 Qxf3 21.Qxe6+ Rf7 22.Re2 Rf8 23.Rde1 d5
24.cxd5 cxd5 25.Bc1 Bf6 26.Be3 h5 27.h4 Kh7 28.Rc2 Bxh4 29.gxh4 Rf5 30.Qxe7+ R8f7
31.Qd6 Qe4 32.Rc7 Qg4+ 33.Kf1 Qxh4 34.Rxf7+ Rxf7 35.Qxd5 Qh3+ 36.Ke2 Qg4+
37.Kd2  1-0

[Event "Luxembourg op"]
[Site "Luxembourg"]
[Date "1990.??.??"]
[Round "7"]
[White "Spacek, Petr"]
[Black "Motwani, Paul"]
[Result "0-1"]
[WhiteElo "2410"]
[BlackElo "2470"]

1.d4 f5 2.Nf3 Nf6 3.g3 g6 4.Bg2 Bg7 5.O-O O-O 6.c4 d6 7.Nc3 Nc6 8.b3 e5 9.dxe5 dxe5
10.Ba3 e4 11.Bxf8 Qxf8 12.Nd4 Nxd4 13.Qxd4 Be6 14.Qd2 Rd8 15.Qc1 c6 16.Rb1 h5
17.Rd1 Re8 18.Qd2 h4 19.gxh4 Nh5 20.Rbc1 Be5 21.f3 Qf6 22.e3 Qxh4 23.f4 Nxf4
24.exf4 Bxf4 25.Qf2 Qh6 26.Qe1 Qxh2+ 27.Kf1 Bxc1 28.Rxc1 e3 29.Ne2 f4 30.Ng1 Bg4
31.Rc2 e2+ 32.Rxe2 Rxe2 33.Nxe2 f3 34.Nf4 Qxf4 35.Qe8+ Kg7 36.Qe7+ Qf7 37.Qe5+ Qf6
38.Qc7+ Kh6 39.Qh2+ Kg5  0-1

[Event "Lyon op"]
[Site "Lyon"]
[Date "1990.??.??"]
[Round "?"]
[White "Roeder, Mathias"]
[Black "Santo Roman, Marc"]
[Result "1/2-1/2"]
[WhiteElo "2450"]
[BlackElo "2380"]

1.d4 f5 2.g3 Nf6 3.Nf3 g6 4.Bg2 Bg7 5.O-O O-O 6.c4 d6 7.Nc3 Qe8 8.d5 Na6
9.Nd4 Bd7 10.Rb1 c6 11.b4 Rc8 12.Ba3 Qf7 13.e3 cxd5 14.Nxd5 Rxc4 15.Nxf6+ Bxf6
16.Bxb7 Nc7 17.Nb3 Nb5 18.Bd5 Be6 19.Bxc4 Bxc4 20.Bb2 Nc3 21.Bxc3 Bxc3 22.Rc1 Bxb4
23.Qd4 Bxf1 24.Kxf1 a5 25.Rc7 Qe6 26.Ra7 Rf7 27.Nxa5 Qe4 28.Nc6 Qh1+ 29.Ke2 Qe1+
30.Kf3 Qh1+ 31.Ke2 Qe1+ 32.Kf3 Qh1+ 33.Ke2 Qe1+  1/2-1/2

[Event "Moscow (Women)"]
[Site "Moscow"]
[Date "1990.??.??"]
[Round "?"]
[White "Kasoshvili, Tsiala"]
[Black "Alekhina, Natalia V"]
[Result "1/2-1/2"]
[WhiteElo "2165"]
[BlackElo "2215"]

1.d4 f5 2.c4 g6 3.Nf3 Bg7 4.g3 Nf6 5.Bg2 O-O 6.O-O d6 7.Nc3 Nc6 8.b3 e5 9.d5 Ne7
10.Bb2 h6 11.Nd2 f4 12.e4 g5 13.f3 Bd7 14.Qe1 a6 15.Qe2 Nh5 16.g4  1/2-1/2

[Event "Moscow (Women)"]
[Site "Moscow"]
[Date "1990.??.??"]
[Round "?"]
[White "Lanchava, Tea"]
[Black "Alekhina, Natalia V"]
[Result "0-1"]
[WhiteElo "2060"]
[BlackElo "2215"]

1.d4 f5 2.c4 g6 3.g3 Bg7 4.Bg2 Nf6 5.Nf3 O-O 6.O-O d6 7.Nc3 Nc6 8.d5 Ne5
9.Nxe5 dxe5 10.e4 f4 11.b4 g5 12.Bb2 g4 13.Re1 f3 14.Bf1 h5 15.Na4 Nh7 16.Nc5 h4
17.Nd3 Qe8 18.Rc1 Qh5 19.Rc2 Bd7 20.Rd2 Ng5 21.Kh1 Qh7 22.Qa1 hxg3 23.fxg3 Nxe4
24.Rxe4 Qxe4 25.Nc5 Qe3 26.Rd3 Qf2 27.Nxd7 Rf5 28.Bc3 Rh5 29.h3 Qxg3 30.Qb2 e4
31.Re3 Bxc3 32.Rxc3 Qe1 33.Kg1 Rxh3  0-1

[Event "NOR-chT"]
[Site "NOR"]
[Date "1990.??.??"]
[Round "?"]
[White "Karlsen, Sven Jorgen"]
[Black "Brekke, T."]
[Result "1-0"]
[WhiteElo "2035"]
[BlackElo "2070"]

1.Nf3 f5 2.d4 Nf6 3.g3 g6 4.Bg2 Bg7 5.O-O O-O 6.c4 d6 7.Nc3 Nc6 8.d5 Na5
9.Qd3 c5 10.Bg5 Rb8 11.Nd2 a6 12.Rab1 b6 13.a3 Qc7 14.Rfc1 Nb7 15.b4 Bd7
16.h3 Nd8 17.Nf3 Nf7 18.Bxf6 Bxf6 19.bxc5 bxc5 20.Qd2 Ne5 21.Nxe5 Bxe5 22.Nd1 f4
23.g4 Rxb1 24.Rxb1 Qc8 25.Qc2 Kg7 26.Be4 Qc7 27.Nb2 Qa5 28.Nd3 Bd4 29.Rb7 Qd8
30.Qc1 g5 31.Qb1 Rh8 32.Ne1 Bf6 33.Bf5 Bxf5 34.Qxf5 Re8 35.h4 gxh4 36.Nd3 Qc8
37.Qxc8 Rxc8 38.Nxf4 Bd4 39.Rxe7+ Kg8 40.Rb7 Rd8 41.Ne6 Ra8 42.e3 Bc3 43.Kg2 a5
44.a4 h6 45.f4 Bf6 46.Kh3 Re8 47.e4 Ra8 48.g5 hxg5 49.fxg5 Be5 50.Kxh4 Bc3
51.Kh5 Be5 52.Rd7 Ra6 53.Kg6  1-0

[Event "Novi Sad ol (Men)"]
[Site "Novi Sad"]
[Date "1990.??.??"]
[Round "1"]
[White "Horvath, Jozsef"]
[Black "Santo Roman, Marc"]
[Result "1/2-1/2"]
[WhiteElo "2540"]
[BlackElo "2435"]

1.d4 f5 2.g3 Nf6 3.Bg2 g6 4.Nf3 Bg7 5.O-O O-O 6.c4 d6 7.Nc3 Qe8 8.d5 Na6
9.Rb1 e5 10.dxe6 Bxe6 11.Nd4 c6 12.Nxe6 Qxe6 13.b3 Rad8 14.Ba3 Rfe8 15.Qc2 Nc7
16.Rbe1 d5 17.cxd5 Ncxd5 18.Nxd5 Nxd5 19.e4 Nc3 20.e5 Nb5 21.Bb2 f4 22.gxf4 Rf8
23.Re4 Bh6 24.Qc4 Nc7 25.Bh3 Qxc4 26.bxc4 Rxf4 27.Rxf4 Bxf4 28.Re1 Rd2 29.Bc1 Rd4
30.Bxf4 Rxf4 31.e6 Kf8 32.Rd1 Rxc4 33.Rd7 Nd5 34.Rf7+ Ke8 35.Rd7 Kf8 36.Rxb7 Nf4
37.Bf1 Re4 38.Rxh7 a5 39.Rf7+ Ke8 40.h3 Nxe6 41.Ra7 Re5 42.Bg2 Rc5 43.Kh2 Nf4
44.Bf3 Nd3 45.Kg3 Rg5+ 46.Bg4 Kf8 47.f3 Re5 48.h4 Nb4 49.a3 Nc2 50.a4 Nd4
51.Kf4 Rd5 52.Ke3 Nf5+ 53.Bxf5 Rxf5 54.Ra6 Rh5 55.Rxc6  1/2-1/2

[Event "Novi Sad ol (Men)"]
[Site "Novi Sad"]
[Date "1990.??.??"]
[Round "2"]
[White "Babu, N Sudhakar"]
[Black "Meulders, Richard"]
[Result "1/2-1/2"]
[WhiteElo "2415"]
[BlackElo "2315"]

1.d4 f5 2.g3 Nf6 3.Bg2 g6 4.Nf3 Bg7 5.O-O O-O 6.c4 d6 7.Nc3 Nc6 8.b3 Ne4
9.Bb2 e6 10.e3 a5 11.Rc1 Nb4 12.a3 Nxc3 13.Rxc3 Na6 14.Rd3 Bd7 15.Rd2 Qe7
16.Qa1 c6 17.Rfd1 Nc7 18.Bc3 b5 19.Qc1 b4 20.axb4 axb4 21.Bxb4 Rfb8 22.Qc3 c5
23.Ba5 Bc6 24.b4 cxb4 25.Bxb4 Na6 26.Ba3 Nc5 27.Bxc5 dxc5 28.Ne1 Bxg2 29.Kxg2 cxd4
30.exd4 Ra3 31.Qc2 Qb7+ 32.Kg1 Qb4 33.Rd3 Ra4 34.c5 Rd8 35.c6 Rc8 36.Nf3 Ra6
37.Rc3 Qd6 38.c7 Ra7 39.Rc1 Bh6 40.Re1 Raxc7 41.Rxc7 Rxc7 42.Qa4 Rc8 43.Qb3 Re8
44.Qb5 Rd8 45.Qc4 Re8 46.d5 e5 47.Nd4 Rd8 48.Nc6 Re8 49.Na7 Bf8 50.Nb5 Qc5
51.Qxc5 Bxc5 52.d6 Rd8  1/2-1/2

[Event "Novi Sad ol (Men)"]
[Site "Novi Sad"]
[Date "1990.??.??"]
[Round "5"]
[White "Sebih, Kamel"]
[Black "Yilmaz, Turham"]
[Result "1-0"]
[WhiteElo "2260"]
[BlackElo "2370"]

1.d4 f5 2.c4 Nf6 3.Nf3 g6 4.g3 Bg7 5.Bg2 O-O 6.O-O d6 7.Nc3 c6 8.b3 Qa5 9.Qc2 e5
10.dxe5 dxe5 11.e4 Na6 12.Bb2 f4 13.a3 Nh5 14.Rad1 Bg4 15.b4 Qc7 16.Rd3 Rad8
17.Rfd1 Rxd3 18.Rxd3 Nb8 19.Ne2 fxg3 20.hxg3 Qe7 21.Nc3 g5 22.Nd1 Nd7 23.Nh2 Be6
24.Ne3 Nhf6 25.Nf3 Ng4 26.Nxg4 Bxg4 27.Nh2 Be6 28.c5 h5 29.Rd6 g4 30.Nf1 Nf6
31.Bxe5 Ne8 32.Bxg7 Nxg7 33.Qd2 h4 34.gxh4 Qxh4 35.Ng3 Qf6 36.Bf1 Qa1 37.Qg5 Qb2
38.Be2 Qa1+ 39.Kg2 Qe1 40.Qe3 Qa1 41.Bd1 Qb2 42.Kg1 Qe5 43.Kg2 Qb2 44.Nh1 Qe5
45.Kg1 Kf7 46.Ng3 Ne8 47.Rd2 Nf6 48.Bb3 Bxb3 49.Qxb3+ Kg6 50.Rd6 Re8 51.Qe3 Qa1+
52.Kg2 Qe5 53.Rd1 Rh8 54.Rh1 Rxh1 55.Kxh1 Qg5 56.Qd3 Qe5 57.Kg2 Kf7 58.Qd8 Nxe4
59.Qd7+ Kf6 60.Qxg4 Nc3 61.f4 Qd5+ 62.Kh3 Qd3 63.Qg5+ Kf7 64.f5 Nd5 65.Qg6+ Kf8
66.Qd6+ Kf7 67.Qd7+ Kf6 68.Qxb7 Qf3 69.Qxc6+ Ke5 70.Qd6+ Kd4 71.c6 Ke3 72.Qe5+ Kd3
73.c7  1-0

[Event "Novi Sad ol (Men)"]
[Site "Novi Sad"]
[Date "1990.??.??"]
[Round "6"]
[White "Lodhi, Mahmood"]
[Black "Agdestein, Simen"]
[Result "0-1"]
[WhiteElo "2405"]
[BlackElo "2600"]

1.d4 f5 2.g3 Nf6 3.Bg2 g6 4.Nf3 Bg7 5.O-O O-O 6.c4 d6 7.Nc3 Qe8 8.d5 Na6
9.Nd4 Bd7 10.Re1 c6 11.e4 fxe4 12.Nxe4 Nxe4 13.Rxe4 cxd5 14.cxd5 Qf7 15.Rf4 Bf6
16.Ne6 Rfc8 17.Be3 Nc7 18.Bd4 Nb5 19.Bxf6 exf6 20.Qf3 f5 21.g4 Qf6 22.gxf5 Qxb2
23.Re1 Be8 24.f6 Bf7 25.Qh3 h5 26.Bf1 Qd2 27.Rb1 Nc3 28.Rxb7 Qxd5 29.Rxf7 Kxf7
30.Nd8+ Rxd8 31.Bc4 Ne2+ 32.Kf1 Nxf4 33.Bxd5+ Nxd5 34.Qb3 Ke6 35.Qc4 Ke5
36.Qe2+ Kxf6 37.Qf3+ Ke5 38.Qe2+ Kf5 39.Qd3+ Ke5 40.Qe2+ Kd4 41.Qd2+ Ke4
42.Qe2+ Kf5 43.Qd3+ Kg5 44.h4+ Kh6 45.Qxd5 Rf8 46.Qxd6 Rf7 47.a4 Raf8 48.Qd2+ Kh7
49.a5 Rf4 50.a6 R8f7 51.Qd8 Rxf2+ 52.Kg1 R2f6 53.Qd3 Rf4 54.Qd8 Ra4 55.Qe8 Rg4+
56.Kh2 Rxh4+ 57.Kg3 Rg4+ 58.Kh3 Rgf4 59.Qc8 Rf3+ 60.Kg2 Rf2+ 61.Kg1 h4 62.Qd8 g5
63.Kh1 Kg6 64.Qg8+ Kh5 65.Qh8+ Kg4 66.Qc8+ Kg3 67.Qc3+ R7f3 68.Qe1 Kh3 69.Qg1 Rf1  0-1

[Event "Novi Sad ol (Men)"]
[Site "Novi Sad"]
[Date "1990.??.??"]
[Round "7"]
[White "Shadarevian, Michael"]
[Black "Yrjola, Jouni"]
[Result "0-1"]
[WhiteElo "2365"]
[BlackElo "2510"]

1.c4 f5 2.Nf3 Nf6 3.g3 g6 4.Bg2 Bg7 5.O-O O-O 6.d4 d6 7.Nc3 Nc6 8.d5 Na5
9.Nd2 c5 10.Qc2 e5 11.dxe6 Bxe6 12.Rd1 Qe7 13.b3 Nc6 14.a3 Nd4 15.Qa2 f4
16.Nf3 fxg3 17.hxg3 Ng4 18.Nxd4 cxd4 19.Nd5 Qf7 20.Rf1 h6 21.Nf4 g5 22.f3 Nf6
23.Nxe6 Qxe6 24.Bd2 Nh5 25.f4 Qg4 26.Be1 gxf4 27.Bf3 Qg5 28.g4 Nf6 29.Rf2 h5
30.Rh2 hxg4 31.Bh4 Qg6 32.Bxb7 Rae8 33.Rf1 g3 34.Rh1 Re7 35.Bf3 Rfe8 36.Kg2 Re5
37.Bxf6 Qxf6 38.Qc2 Kf8 39.Rh3 Re3 40.c5 Rc3 41.Qh7 Rxf3 42.Kxf3 Re3+ 43.Kg2 Rxe2+
44.Kg1 g2 45.Rf2 Re1+  0-1

[Event "Novi Sad ol (Men)"]
[Site "Novi Sad"]
[Date "1990.??.??"]
[Round "8"]
[White "Adianto, Utut"]
[Black "Spraggett, Kevin"]
[Result "1/2-1/2"]
[WhiteElo "2495"]
[BlackElo "2540"]

1.d4 g6 2.Nf3 Bg7 3.c4 f5 4.g3 Nf6 5.Bg2 O-O 6.O-O d6 7.Nc3 Nc6 8.d5 Ne5
9.Nxe5 dxe5 10.Bd2 h6 11.Qb3 g5 12.Rfd1 Kh8 13.c5 a6 14.Be1 Rb8 15.a4 Qe8
16.d6 exd6 17.cxd6 c6 18.a5 Be6 19.Qc2 Qf7 20.Ra3 Rfd8 21.Na4 Nd5 22.e4 fxe4
23.Bxe4 Rxd6 24.Nc5 Rbd8 25.Nxe6 Qxe6 26.Rad3 R6d7 27.Qc4 Bf6 28.Rf3 Qe7
29.Bc2 Qg7 30.Qe4 Rd6 31.Rfd3 Qe7 32.h3 R6d7 33.Rf3 Rd6 34.Kh2 Qg7 35.Qg4 Qe7
36.Qh5 Qg7 37.Be4 R6d7 38.Bf5 Rd6 39.Bc2 R6d7 40.Qg4 Rd6 41.Qe4 R6d7 42.Qg4  1/2-1/2